| 000 | 00842cam a22003015a 4500 | ||
|---|---|---|---|
| 008 | 150817t1998 ad||f||||| 00| 0 eng d | ||
| 010 | _a 2002111168 | ||
| 020 | _a0030982383 : | ||
| 020 | _a0030982383 : | ||
| 020 | _a9780030982385 | ||
| 035 | _a(DLC) 2002111168 | ||
| 040 |
_aEG-ScBUE _beng _cEG-ScBUE |
||
| 082 | 0 | 4 |
_a330 _bMAN _222 |
| 100 | 1 | _aMankiw, N. Gregory. | |
| 245 | 1 | 0 |
_aPrinciples of economics / _cN. Gregory Mankiw. |
| 246 | 3 | 0 | _aEconomics |
| 260 |
_aNew York : _bDryden, _cc1998. |
||
| 300 |
_axvii, 797 p. : _bcol. ill. ; _c27 cm. |
||
| 500 | _a index 786-797. | ||
| 504 | _aglossary 778-781. | ||
| 590 | _amustafa galal. | ||
| 650 | 0 |
_aEconomics. _2BUEsh |
|
| 650 | 0 | _aMacroeconomics | |
| 651 | _2BUEsh | ||
| 653 |
_bBUSECO _cAugust2015 |
||
| 655 |
_vtext book _933728 |
||
| 942 |
_cBB _k330M2789 _2ddc |
||
| 999 |
_c4619 _d4619 |
||